The economics anti-textbook : (Record no. 16004)

MARC details
000 -LEADER
fixed length control field 00960nam a22002775a 4500
005 - DATE AND TIME OF LATEST TRANSACTION
control field 20201128020912.0
008 - FIXED-LENGTH DATA ELEMENTS--GENERAL INFORMATION
fixed length control field 110912s2010 enka frbd 001 0deng d
020 ## - INTERNATIONAL STANDARD BOOK NUMBER
International Standard Book Number 1842779397
020 ## - INTERNATIONAL STANDARD BOOK NUMBER
International Standard Book Number 9781842779392
040 ## - CATALOGING SOURCE
Original cataloging agency EG-ScBUE
Language of cataloging eng
Transcribing agency EG-ScBUE
082 04 - DEWEY DECIMAL CLASSIFICATION NUMBER
Edition number 22
Classification number 330.15
Item number HIL
100 1# - MAIN ENTRY--PERSONAL NAME
9 (RLIN) 27138
Personal name Hill, Roderick.
245 14 - TITLE STATEMENT
Title The economics anti-textbook :
Remainder of title a critical thinker's guide to microeconomics /
Statement of responsibility, etc Rod Hill and Tony Myatt.
260 ## - PUBLICATION, DISTRIBUTION, ETC. (IMPRINT)
Place of publication, distribution, etc Halifax ;
-- Winnipeg :
Name of publisher, distributor, etc Fernwood Publishing ;
Place of publication, distribution, etc London ;
-- New York :
-- Zed Books,
Date of publication, distribution, etc 2010.
300 ## - PHYSICAL DESCRIPTION
Extent ix, 305 p. :
Other physical details ill. ;
Dimensions 24 cm.
500 ## - GENERAL NOTE
General note Glossary : p. 291-296.
500 ## - GENERAL NOTE
General note Index : p. 297-305.
504 ## - BIBLIOGRAPHY, ETC. NOTE
Bibliography, etc Bibliography : p. 274-290.
650 #7 - SUBJECT ADDED ENTRY--TOPICAL TERM
9 (RLIN) 720
Topical term or geographic name as entry element Economics.
Source of heading or term BUEsh
650 #7 - SUBJECT ADDED ENTRY--TOPICAL TERM
9 (RLIN) 5599
Topical term or geographic name as entry element Microeconomics.
Source of heading or term BUEsh
651 ## - SUBJECT ADDED ENTRY--GEOGRAPHIC NAME
Source of heading or term BUEsh
653 ## - INDEX TERM--UNCONTROLLED
Resource For college BAEPS, Economics
Arrived date list September2011
-- September2012
-- October2015
655 ## - INDEX TERM--GENRE/FORM
Form subdivision Text book
-- 33728
700 ## - ADDED ENTRY--PERSONAL NAME
9 (RLIN) 27139
Personal name Myatt, Tony
942 ## - ADDED ENTRY ELEMENTS (KOHA)
Source of classification or shelving scheme Dewey Decimal Classification
Item type Book - Borrowing
Holdings
Withdrawn status Item status Source of classification or shelving scheme Damaged status Not for loan Vendor Home library Current library Shelving location Date acquired Source of acquisition Total Checkouts Total Renewals Full call number Barcode Date last seen Date last borrowed Koha item type Cost, normal purchase price Serial Enumeration / chronology Cost, replacement price
    Dewey Decimal Classification     Baccah Central Library Central Library First floor 26/10/2015 Purchase 7 54 330.15 HIL 000031121 15/07/2025 21/09/2019 Book - Borrowing      
    Dewey Decimal Classification     Baccah Central Library Central Library First floor 12/09/2011   10 25 330.15 HIL 000024696 15/07/2025 23/10/2017 Book - Borrowing      
    Dewey Decimal Classification     Baccah Central Library Central Library First floor 27/09/2012   10 24 330.15 HIL 000027461 15/07/2025 01/11/2017 Book - Borrowing 240.00 3  
  Lost and Paid For Dewey Decimal Classification     Baccah Central Library Central Library First floor 27/09/2012   6 16 330.15 HIL 000027462 08/07/2018 16/11/2014 Book - Borrowing 376.00 3 470.00
    Dewey Decimal Classification     Baccah Central Library Central Library First floor 25/10/2015 Purchase     330.15 HIL 000031085 15/07/2025   NB - Book (Non borrowing)      
    Dewey Decimal Classification     Baccah Central Library Central Library First floor 25/10/2015 Purchase 7 24 330.15 HIL 000031086 15/07/2025 15/09/2019 Book - Borrowing      
    Dewey Decimal Classification     Baccah Central Library Central Library First floor 25/10/2015 Purchase 3 30 330.15 HIL 000031087 15/07/2025 12/10/2017 Book - Borrowing      
    Dewey Decimal Classification     Baccah Central Library Central Library First floor 25/10/2015 Purchase 7 49 330.15 HIL 000031088 15/07/2025 03/03/2025 Book - Borrowing